| 000 | 00831nam a2200205Ia 4500 | ||
|---|---|---|---|
| 003 | GCL | ||
| 005 | 20240530102956.0 | ||
| 008 | 140319s9999 xx 000 0 ara d | ||
| 040 |
_aGCL / _cGCL |
||
| 082 | 0 | 4 |
_a320.9/ _bا ن |
| 100 | 1 | _aالسيد عبدالمطلب غانم | |
| 245 | 1 | 0 |
_aالنظام السياسى المصرى: التغير والاستمرار اعمال الؤتمر السنوى الاول للبحوث السياسية / _cتاليف السيد عبدالمطلب غانم (واخ...) تحريرعلى الدين هلال |
| 260 |
_a[S.N] : _bمكتبة النهضة المصرية ، _c1988 |
||
| 300 | _a108 ص | ||
| 650 | 0 | 4 | _aمصر |
| 650 | 0 | 4 | _aالنظام السياسى |
| 650 | 0 | 4 | _aالثقافة السياسية |
| 700 | 1 | _aالسيد عبدالمطلب غانم | |
| 942 |
_2ddc _cBK |
||
| 999 |
_c35812 _d35812 |
||